| 000 | 00390nam a2200157Ia 4500 | ||
|---|---|---|---|
| 008 | 231217s9999 xx 000 0 und d | ||
| 020 | _a817366076X | ||
| 041 | _aEnglish | ||
| 082 | _a001.6424C BAR;11 | ||
| 100 | _aBarr, Michael | ||
| 245 | 0 | _aProgramming embedded systems in C and C++ | |
| 260 |
_c1999 _bOreilly _aBeijing |
||
| 300 | _aix+174 | ||
| 650 | _aC and C++ | ||
| 942 | _cAA | ||
| 999 |
_c177946 _d177946 |
||